A noite dos animais inventados (Registo nº 3752)

Detalhes MARC
000 -Etiqueta do registo
Cabeçalho 00769nam a2200277 4500
005 - Identificador da versão
Campo de controlo 20240813122042.0
010 ## - Número internacional normalizado dos livros (ISBN)
Número (ISBN) 9722335502
021 ## - Número do Depósito Legal
Código do país PT
Número 240028/06
100 ## - Dados gerais de processamento
Dados gerais de processamento 20161028d2006 c y0pory5003 ba
102 ## - Pais de publicação ou produção
País de publicação Portugal
101 0# - Língua de publicação
Língua do texto, banda sonora, etc. Português
215 ## - Descrição física 
Indicação específica da natureza do documento e extensão da espécie 32 p.
Outras indicações físicas il. color
200 1# - Titulo e menção de responsabilidade
Título próprio A noite dos animais inventados
Primeira menção de responsabilidade David Machado
Outras menções de responsabilidade il. Teresa Lima
225 1# - Colecção 
Título próprio da colecção A arca do tesouro
Indicação de volume 11
205 ## - Menção da edição
Menção da edição 1ª ed
210 ## - Publicação, Distribuição, etc. 
Lugar da edição, distribuição, etc. Lisboa
Nome do editor, distribuidor, etc. Presença
Data da publicação, distribuição, etc. 2006
300 ## - Notas gerais 
Texto da nota PNL
606 ## - Nome comum usado como assunto
Número de registo de entrada de autoridade 0001335
Palavra de ordem Literatura portuguesa
Subdivisão de assunto Conto
Código do sistema CA
675 ## - Classificação Decimal Universal (CDU)
Notação 821.134.3-34
Edição 3ª ed.
Língua da edição por
702 #1 - Nome de autor-pessoa física (responsabilidade secundária)
Número de registo de entrada de autoridade 0000107
Palavra de ordem Lima
Outra parte do nome não tomada para palavra de ordem Teresa
Datas 1962-
Código de função Ilustrador / Técnico de desenho computorizado
700 #1 - Nome de autor-pessoa física (responsabilidade principal)
Número de registo de entrada de autoridade 0000145
Palavra de ordem Machado
Outra parte do nome não tomada para palavra de ordem David
Datas 1978-
966 ## - Identificação da Biblioteca
Sigla EBVEN
942 ## - Elementos de entrada adicionados (Koha)
Tipo de item no Koha Livro
Exemplares
Situação do levantamento Origin of item (home branch) (coded) Biblioteca de empréstimo Código de barras Cota Circulation type (not for loan) Tipo de documento Nota do exemplar Damaged status
  Biblioteca Escolar das Vendas Biblioteca Escolar das Vendas BEV1635 8POR MAC PNL   Livro Sem mensagem  
  Biblioteca Escolar das Vendas Biblioteca Escolar das Vendas BEV1636 8POR MAC PNL   Livro Sem mensagem  
  Biblioteca Escolar das Vendas Biblioteca Escolar das Vendas BEV1637 8POR MAC PNL   Livro Sem mensagem  
  Biblioteca Escolar das Vendas Biblioteca Escolar das Vendas BEV1639 8POR MAC PNL   Livro Sem mensagem  
  Biblioteca Escolar das Vendas Biblioteca Escolar das Vendas BEV1640 8POR MAC PNL   Livro Sem mensagem